Status des dirigeants des États - Statistiques

Statistiques générales
  • Ce quiz a été pris 44 fois
  • Le résultat moyen est 14 sur 51
Statistiques - réponses
Nombre d'attributions Status % Correct
1 Président de la Comisson des affaires de l'État
100%
1 Président de la Comisson nationale de sécurité et de paix
100%
19 Président(e)
100%
32 Roi
95%
1 Empereur
88%
113 Président(e) de la République
88%
118 Premier(e) ministre
76%
3 Prince souverain
76%
1 Grand-duc
63%
2 Sultan
59%
2 Émir
54%
1 Pape
51%
0 Guide de la Révolution
41%
1 Cardinal secrétaire d'État
32%
1 Chancelier
32%
1 Chancelier fédéral
32%
1 Coprince épiscopal
32%
1 Coprince français
32%
14 Gouverneur(e) général(e)
32%
1 Premier secrétaire du Parti communiste de Cuba
32%
4 Président du Conseil des ministres
22%
1 Président du Conseil de souveraineté de transition
22%
1 Président du Conseil du Togo
22%
1 Président du Conseil présidentiel
22%
2 Capitaines-régents
17%
1 Dirigeant suprême
15%
2 Chef de l'État
12%
1 Président de la Confédération
7%
1 Secrétaire général du Parti communiste chinois
7%
1 Secrétaire général du Parti communiste vietnamien
7%
1 Secrétaire général du Parti de travail de Corée
7%
1 Secrétaire général du Parti révolutionnaire populaire lao
7%
1 Taoiseach
5%
1 Chef de cabinet
2%
4 Chef du gouvernement
2%
1 Conseiller principal du Bangladesh
2%
1 Haut représentant international
2%
1 Ministre d'État
2%
1 Président de la fédération
2%
4 Président de la transition
2%
1 Président du Cabinet des ministres
2%
7 Président du gouvernement
2%
2 Président fédéral
2%
1 Commandeur des croyants
0%
2 Co-présidents de la République
0%
1 Ministre en chef
0%
1 Premier ministre du Conseil des affaires de l'État
0%
1 Président de la Nation
0%
4 Président de l'État
0%
1 Président du collège présidentiel
0%
2 Présidente du Conseil
0%
Aucun quiz correspondant
Distribution des résultats
% des personnes avec chaque résultat
Percentile par nombre de réponses
Votre historique - résultats
Vous n’avez pas pris ce quiz